Normal view
MARC view
- Libura Sluszkiewicz, Krystyna Magdalena
Entry Nombre Personal
001 - NUMERO DE CONTROL
- campo de control: 29017
003 - IDENTIFICADOR DE NUMERO DE CONTROL
- campo de control: UPN
005 - FECHA Y HORA DE LA ÜLTIMA TRANSACCIÓN
- campo de control: 20210219194359.0
008 - DATOS DE LONGITUD FIJA
- campo de control de longitud fija: nabaccnnaabn|||||||||| b |nc|||||d
035 ## - NUMERO DE CONTROL
- Número de control: UPN11000001123
040 ## - FUENTE DE CATALOGACIÓN
- Lenguaje de catalogación: SPA
- Agencia de transcripción: UPN
100 1# - ENCABEZAMIENTO - NOMBRE PERSONAL
- Nombre personal: Libura Sluszkiewicz, Krystyna Magdalena
670 ## - FUENTE EN LA QUE SE LOCALIZARON DATOS
- Cita de la fuente: T
- Uniform Resource Identifier: http://fonca.conaculta.gob.mx/ligas/beneficiarios/fpcc18a.html
680 ## - NOTA PUBLICA DE ACCESO PÚBLICO
- Frase explicativa de la referencia: Especializacion en estudios culturales
902 ## - CATALOGADOR
- Catalogador: DAA/030308
